| 000 -LEADER |
| fixed length control field |
00558nam a22001937a 4500 |
| 008 - FIXED-LENGTH DATA ELEMENTS--GENERAL INFORMATION |
| fixed length control field |
150701b xxu||||| |||| 00| 0 alb d |
| 020 ## - INTERNATIONAL STANDARD BOOK NUMBER |
| International Standard Book Number |
9789928133038 |
| 041 0# - LANGUAGE CODE |
| Language code of text/sound track or separate title |
alb |
| 080 ## - UNIVERSAL DECIMAL CLASSIFICATION NUMBER |
| Universal Decimal Classification number |
001.8 |
| Common auxiliary subdivision |
(035) |
| 100 ## - Rafti |
| Rafti |
McMillan, Kathleen; Weyers, Jonathan; |
| 245 ## - TITLE STATEMENT |
| Title |
Si të shkruajmë ese dhe detyra universitare / |
| Statement of responsibility, etc |
Kathleen McMillan; Jonathan Weyers; |
| 260 ## - |
| -- |
Tiranë : |
| -- |
CDE, |
| -- |
2014. |
| 300 ## - |
| -- |
260 f. : |
| -- |
me il.; |
| -- |
23 cm. |
| 650 #0 - |
| -- |
Shkrimi akademik |
| 650 #0 - |
| -- |
Ese |
| 650 #0 - |
| -- |
Stili letrar |
| 650 #0 - |
| -- |
Manuale |
| 942 ## - ADDED ENTRY ELEMENTS (KOHA) |
| Source of classification or shelving scheme |
|
| Item type |
Books |